MARC details
| 000 -LEADER |
| fixed length control field |
02268nam a2200505 a 4500 |
| 001 - CONTROL NUMBER |
| control field |
74008 |
| 003 - CONTROL NUMBER IDENTIFIER |
| rucl marc code |
BD-RjUL |
| 005 - DATE AND TIME OF LATEST TRANSACTION |
| control field |
20211209082455.0 |
| 008 - FIXED-LENGTH DATA ELEMENTS--GENERAL INFORMATION |
| fixed length control field |
171220s2012 ii b 001 0 eng |
| 020 ## - INTERNATIONAL STANDARD BOOK NUMBER |
| International Standard Book Number |
9788177082913 (hardback) |
| Terms of availability |
IRs 985.00 |
|
| International Standard Book Number |
8177082914 |
| 035 ## - SYSTEM CONTROL NUMBER |
| System control number |
(BD-RjUL)74226 |
| 040 ## - CATALOGING SOURCE |
| Original cataloging agency |
AU@ |
| Language of cataloging |
eng |
| Transcribing agency |
AU@ |
| Modifying agency |
OCLCO |
| -- |
DLC |
| -- |
BD-RjUL |
| Description conventions |
rda |
| 041 ## - LANGUAGE CODE |
| Language code of text/sound track or separate title |
eng |
| 082 04 - DEWEY DECIMAL CLASSIFICATION NUMBER |
| Classification number |
337.15 |
| Edition number |
23 |
| Author mark and year |
VOA 2012 |
| 084 ## - OTHER CLASSIFICATION NUMBER |
| Classification number |
MK 6800 |
| Number source |
rvk |
| 100 1# - MAIN ENTRY--PERSONAL NAME |
| Personal name |
Von Feigenblatt, Otto. |
| 9 (RLIN) |
219797 |
| 245 14 - TITLE STATEMENT |
| Title |
The Association of Southeast Asian Nations (ASEAN) : |
| Remainder of title |
conflict and development / |
| Statement of responsibility, etc. |
by Otto F. von Feigenblatt, Adjunct Professor of Political Science, Millenia Atlantic University (Florida,USA) and Fellow of the Royal Asiatic Society of Great Britain and Ireland. |
| 260 ## - PUBLICATION, DISTRIBUTION, ETC. (IMPRINT) |
| Place of publication, distribution, etc. |
New Delhi : |
| Name of publisher, distributor, etc. |
Century pub , |
| Date of publication, distribution, etc. |
c2012 |
| 300 ## - PHYSICAL DESCRIPTION |
| Pagination |
xv, 376 pages ; |
| Size |
23 cm |
| 504 ## - BIBLIOGRAPHY, ETC. NOTE |
| Bibliography, etc |
Includes bibliographical references (pages 353-369) and index. |
| 505 2# - FORMATTED CONTENTS NOTE |
| Formatted contents note |
Structural analysis of ASEAN : conflict avoidance and consensus -- Socio-economic development in Southeast Asia : an overview -- A structural analysis of socio-cultural integration in ASEAN -- Conclusions and for further research. |
| 610 27 - SUBJECT ADDED ENTRY--CORPORATE NAME |
| Corporate name or jurisdiction name as entry element |
ASEAN. |
| 650 #0 - SUBJECT ADDED ENTRY--TOPICAL TERM |
| Topical term or geographic name as entry element |
Conflict management |
| Geographic subdivision |
Southeast Asia. |
| 9 (RLIN) |
219799 |
|
| Topical term or geographic name as entry element |
Cooperation |
| Geographic subdivision |
Southeast Asia. |
| 9 (RLIN) |
219800 |
|
| Topical term or geographic name as entry element |
Commerce. |
| Source of heading or term |
fast |
| 9 (RLIN) |
219801 |
|
| Topical term or geographic name as entry element |
Conflict management. |
| Source of heading or term |
fast |
| 9 (RLIN) |
219802 |
|
| Topical term or geographic name as entry element |
Cooperation. |
| Source of heading or term |
fast |
| 9 (RLIN) |
219803 |
|
| Topical term or geographic name as entry element |
International economic integration. |
| Source of heading or term |
fast |
| 9 (RLIN) |
219804 |
|
| Topical term or geographic name as entry element |
Political science. |
| Source of heading or term |
fast |
| 9 (RLIN) |
219805 |
|
| Topical term or geographic name as entry element |
Social history. |
| Source of heading or term |
fast |
| 9 (RLIN) |
219806 |
|
| Topical term or geographic name as entry element |
ECONOMIC INTEGRATION. |
| Source of heading or term |
unbist |
| 9 (RLIN) |
219807 |
|
| Topical term or geographic name as entry element |
FOREIGN TRADE. |
| Source of heading or term |
unbist |
| 9 (RLIN) |
219808 |
|
| Topical term or geographic name as entry element |
POLITICAL CONDITIONS. |
| Source of heading or term |
unbist |
| 9 (RLIN) |
219809 |
|
| Topical term or geographic name as entry element |
CONFLICT MANAGEMENT. |
| Source of heading or term |
unbist |
| 9 (RLIN) |
219810 |
|
| Topical term or geographic name as entry element |
INTERNATIONAL COOPERATION. |
| Source of heading or term |
unbist |
| 9 (RLIN) |
219811 |
|
| Topical term or geographic name as entry element |
SOCIAL CONDITIONS. |
| Source of heading or term |
unbist |
| 9 (RLIN) |
219812 |
|
| Topical term or geographic name as entry element |
SOUTHEAST ASIA. |
| Source of heading or term |
unbist |
| 9 (RLIN) |
219813 |
| 651 #0 - SUBJECT ADDED ENTRY--GEOGRAPHIC NAME |
| Geographic name |
Southeast Asia |
| General subdivision |
Commerce. |
| 9 (RLIN) |
219814 |
|
| Geographic name |
Southeast Asia |
| General subdivision |
Economic integration. |
| 9 (RLIN) |
219815 |
|
| Geographic name |
Southeast Asia |
| General subdivision |
Politics and government. |
| 9 (RLIN) |
219816 |
|
| Geographic name |
Southeast Asia |
| General subdivision |
Social conditions. |
| 9 (RLIN) |
219817 |
| 942 ## - ADDED ENTRY ELEMENTS (KOHA) |
| Source of classification or shelving scheme |
Dewey Decimal Classification |
| Koha item type |
Books |